|
|
|
|
| LEADER |
00000naa2a2200000 4500 |
| 001 |
156891 |
| 005 |
20240914063137.0 |
| 035 |
|
|
|a (RuTPU)RU\TPU\book\170143
|
| 090 |
|
|
|a 156891
|
| 100 |
|
|
|a 20090331d1976 k y0rusy50 ca
|
| 101 |
0 |
|
|a rus
|
| 102 |
|
|
|a RU
|
| 200 |
1 |
|
|a Влияние основных эксплуатационных факторов на скорость роста дефектности витковой изоляции обмоток асинхронных двигателей
|f А. П. Матялис, Э. К. Стрельбицкий, Ю. П. Похолков
|
| 320 |
|
|
|a Библиогр.: 4 назв.
|
| 463 |
|
0 |
|0 (RuTPU)RU\TPU\book\54116
|t Внедрение в производство новых разработок в области исследования, проектирования и технологии производства электродвигателей от 0,6 до 100 квт
|o избранные труды Всесоюзного научно-технического совещания, сентябрь 1971, Владимир
|f Научно-исследовательский проектно-конструкторский и технологический институт электромашиностроения; Владимирское областное научно-техническое общество энергетики и электротехнической промышленности
|v С. 265 - 270.
|d 1976
|p 344 с.
|
| 610 |
1 |
|
|a труды учёных ТПУ
|
| 700 |
|
1 |
|a Матялис
|b А. П.
|
| 701 |
|
1 |
|a Стрельбицкий
|b Э. К.
|c российский ученый
|c профессор кафедры электрических машин и аппаратов ТПИ
|f 1932-
|g Эдуард Карлович
|3 (RuTPU)RU\TPU\pers\19870
|
| 701 |
|
1 |
|a Похолков
|b Ю. П.
|c специалист в области электротехники, доктор технических наук
|c ректор Томского политехнического университета (1990-2008), профессор
|f 1939-
|g Юрий Петрович
|x TPU
|y Томск
|3 (RuTPU)RU\TPU\pers\10508
|9 2235
|
| 801 |
|
1 |
|a RU
|b 63413507
|c 20090331
|g PSBO
|
| 942 |
|
|
|c BK
|